Tax policy reform and economic growth

Salvato in:
Dettagli Bibliografici
Natura: Libro
Lingua:inglese
Pubblicazione: Paris OECD 2010
Serie:OECD tax policy studies no. 20
Soggetti:
Tags: Aggiungi Tag
Nessun Tag, puoi essere il primo ad aggiungerne!!

MARC

LEADER 00000nam a2200000 4500
001 0125958
005 20240315121339.0
020 |a 978-92-64-09107-8 
022 |a 1990-0546 
041 0 |a eng 
044 |a FR 
245 1 0 |a Tax policy reform and economic growth 
264 1 |a Paris  |b OECD  |c 2010 
300 |a 152 s. 
490 1 |a OECD tax policy studies  |v no. 20 
830 0 |a OECD tax policy studies  |v no. 20 
610 2 0 |a dane 
610 2 0 |a politika daňová 
610 2 0 |a reformy daňové 
610 2 0 |a rast hospodársky 
610 2 0 |a produkt domáci hrubý 
610 2 0 |a analýzy